00763 2200181 4500245003400000020002200034250001100056100002100067700001400088650001700102005001900119260002800138041001400166084001100180300002300191500035800214336000900572 a00.00cAmeylia FalensiahText a978-623-310-029-8 aCet. 1 aAmeylia Falensia aFauzia A. aNovel Remaja a20240228115511 aJakartabLoveablec2021 aIndonesia a808.83 a280 hlm. :c19 cm. aKita gak pernah dikasih kekuatan untuk melawan. Kita terlalu kecil untuk semesta yang besar ini. Kita terlalu lemah untuk dunia yang jahat ini. Dunia terlalu abu-abu untuk Lengkara Putri Langit. Semua berdalih ingin melindungi gadis itu, meskipun pada akhirnya mereka saling menyakiti. Lengkara seolah hidup dalam terowongan hitam yang tak ada ujungnya. atext